[Event "South African op"]
[Site "Durban"]
[Date "2017.07.15"]
[Round "2"]
[White "Wilken, Justin Barend"]
[Black "Woolf, Charne"]
[Result "1-0"]
[WhiteElo "1920"]
[BlackElo "1433"]
[PlyCount "51"]
[EventDate "2017.07.14"]
[EventType "swiss"]
[EventRounds "11"]
[EventCountry "RSA"]
[SourceTitle "EXT 2018"]
[Source "ChessBase"]
[SourceDate "2017.10.13"]
[SourceVersion "1"]
[SourceVersionDate "2017.10.13"]
[SourceQuality "1"]

1. e4 d5 2. exd5 Qxd5 3. Nc3 Qd6 4. d4 Nf6 5. Nf3 c6 6. Ne5 Bf5 7. g4 Bg6 8. h4 Ne4 9. Rh3 Nxc3 10. Rxc3 h5 11. g5 Nd7 12. Nc4 Qd5 13. Ne3 Qe4 14. Bg2 Qxh4 15. d5 c5 16. d6 Rb8 17. dxe7 Bxe7 18. Nd5 Bf5 19. Bf4 Rc8 20. Nxe7 Kxe7 21. Qd6+ Ke8 22. 0-0-0 Qxf2 23. Bxb7 Rd8 24. Re3+ Qxe3+ 25. Bxe3 h4 26. Bxc5 1-0

[Event "RSA-ch U20 Girls"]
[Site "Gauteng"]
[Date "2017.04.05"]
[Round "1"]
[White "Woolf, Charne"]
[Black "Venter, Carlia"]
[Result "1-0"]
[WhiteElo "1379"]
[BlackElo "832"]
[PlyCount "59"]
[EventDate "2017.04.05"]
[EventType "tourn"]
[EventRounds "6"]
[EventCountry "RSA"]
[SourceTitle "CBM 177 Extra"]
[Source "ChessBase"]
[SourceDate "2017.04.27"]
[SourceVersion "1"]
[SourceVersionDate "2017.04.27"]
[SourceQuality "1"]

1. e4 d5 2. exd5 Nf6 3. c4 e6 4. dxe6 Bxe6 5. Nf3 Nc6 6. Nc3 Bc5 7. Be2 Bxf2+ 8. Kxf2 Ne4+ 9. Nxe4 Bg4 10. d3 Bxf3 11. Bxf3 Qd4+ 12. Be3 Qxb2+ 13. Qe2 Qe5 14. Nc5 0-0-0 15. Rab1 b6 16. Bxc6 Qf6+ 17. Bf3 bxc5 18. Bxc5 Qf5 19. d4 Qf6 20. Qb2 Kd7 21. Rhe1 Qh4+ 22. Kg1 Rb8 23. Qf2 Qxf2+ 24. Kxf2 Rxb1 25. Rxb1 a6 26. Re1 c6 27. Re7+ Kd8 28. Bxc6 Rf8 29. Rd7+ Ke8 30. Rd5# 1-0

[Event "RSA-ch U18/20 Girls"]
[Site "Bloemfontein"]
[Date "2016.03.23"]
[Round "7"]
[White "Woolf, Charne"]
[Black "De Kock, Lene"]
[Result "0-1"]
[WhiteElo "1465"]
[BlackElo "1322"]
[PlyCount "60"]
[EventDate "2016.03.20"]
[EventType "swiss"]
[EventRounds "11"]
[EventCountry "RSA"]
[SourceTitle "CBM 171 Extra"]
[Source "ChessBase"]
[SourceDate "2016.04.26"]
[SourceVersion "1"]
[SourceVersionDate "2016.04.26"]
[SourceQuality "1"]

1. e4 c5 2. Nf3 d6 3. g3 Nc6 4. Bg2 Nf6 5. d3 g6 6. 0-0 Bg7 7. Re1 0-0 8. Nbd2 Bg4 9. h3 Bd7 10. e5 Nd5 11. exd6 exd6 12. Nh2 Nde7 13. Rb1 Qc8 14. h4 Bh3 15. Bh1 Ne5 16. Ne4 Qc7 17. Bf4 Bd7 18. Qd2 Nf5 19. Bxe5 Bxe5 20. Ng4 Bg7 21. Ngf6+ Kh8 22. Qd1 Be6 23. Ng4 d5 24. Nef6 h5 25. Nxd5 Bxd5 26. Bxd5 hxg4 27. Qxg4 Rad8 28. Bb3 Rd4 29. Qf3 b5 30. a3 c4 0-1

[Event "RSA-ch U18/20 Girls"]
[Site "Bloemfontein"]
[Date "2016.03.20"]
[Round "1"]
[White "Woolf, Charne"]
[Black "Malotana, Iviwe"]
[Result "1-0"]
[WhiteElo "1465"]
[BlackElo "870"]
[PlyCount "105"]
[EventDate "2016.03.20"]
[EventType "swiss"]
[EventRounds "11"]
[EventCountry "RSA"]
[SourceTitle "CBM 171 Extra"]
[Source "ChessBase"]
[SourceDate "2016.04.26"]
[SourceVersion "1"]
[SourceVersionDate "2016.04.26"]
[SourceQuality "1"]

1. e4 Nc6 2. Nf3 e5 3. Bb5 d6 4. d3 Bd7 5. Nc3 Nd4 6. Bxd7+ Qxd7 7. Be3 Nb5 8. Ne2 Nf6 9. a4 Qg4 10. 0-0 Nd4 11. Nexd4 exd4 12. Bxd4 Be7 13. e5 Nd5 14. exd6 cxd6 15. h3 Qg6 16. Re1 0-0 17. Nh2 Bf6 18. Bxf6 Qxf6 19. c3 g6 20. Ng4 Qg5 21. Qf3 h5 22. Ne3 Nf4 23. Rad1 Rab8 24. Kh2 b6 25. g3 Ne6 26. Nd5 Rfe8 27. Nf6+ Kg7 28. Nxe8+ Rxe8 29. d4 f5 30. Qd5 Kf7 31. Qxd6 h4 32. gxh4 Qxh4 33. Qg3 Rh8 34. Qxh4 Rxh4 35. Kg3 g5 36. Re5 f4+ 37. Kg2 g4 38. hxg4 Rxg4+ 39. Kf3 Rh4 40. d5 Kf6 41. Rxe6+ Kf5 42. Rde1 Rh3+ 43. Ke2 Kg4 44. d6 f3+ 45. Kd1 Rh5 46. R6e4+ Kh3 47. Rh1+ Kg2 48. Rxh5 b5 49. d7 bxa4 50. d8Q a5 51. Qg5+ Kxf2 52. Rh2+ Kf1 53. Re1# 1-0

[Event "RSA-chT U18"]
[Site "Cape Town"]
[Date "2016.01.04"]
[Round "1.6"]
[White "Mampane, Mohlomphegi"]
[Black "Woolf, Charne"]
[Result "0-1"]
[WhiteElo "1240"]
[BlackElo "1465"]
[PlyCount "67"]
[EventDate "2016.01.04"]
[EventType "team-tourn"]
[EventRounds "7"]
[EventCountry "RSA"]
[SourceTitle "CBM 170 Extra"]
[Source "ChessBase"]
[SourceDate "2016.02.25"]
[SourceVersion "1"]
[SourceVersionDate "2016.02.25"]
[SourceQuality "1"]
[WhiteTeam "Capricorn"]
[BlackTeam "Western Province"]
[WhiteTeamCountry "RSA"]
[BlackTeamCountry "RSA"]

1. d4 d5 2. c4 e6 3. Nc3 Be7 4. Nf3 Nf6 5. e3 0-0 6. Be2 Nbd7 7. 0-0 a6 8. Bd3 b6 9. e4 dxe4 10. Nxe4 Bb7 11. Qc2 h6 12. Re1 c5 13. Re3 Rc8 14. b3 cxd4 15. Nxd4 Nxe4 16. Bxe4 Bxe4 17. Rxe4 Nf6 18. Rh4 Nh7 19. Re4 Bf6 20. Be3 Qd7 21. Rd1 Rfd8 22. g3 e5 23. Qd2 exd4 24. Bxd4 Ng5 25. Rf4 Qc6 26. Kf1 Nh3 27. Rxf6 gxf6 28. Qxh6 Qh1+ 29. Ke2 Qe4+ 30. Kf1 Qg4 31. Rd2 Rxd4 32. Rxd4 Qxd4 33. Qxh3 Rd8 34. Qf5 0-1

[Event "RSA-ch U20 Girls"]
[Site "Waterkloof"]
[Date "2015.04.08"]
[Round "8"]
[White "Woolf, Charne"]
[Black "Swanepoel, Caro Mae"]
[Result "1-0"]
[WhiteElo "1265"]
[BlackElo "1099"]
[PlyCount "99"]
[EventDate "2015.04.04"]
[EventType "swiss"]
[EventRounds "9"]
[EventCountry "RSA"]
[SourceTitle "CBM 166 Extra"]
[Source "ChessBase"]
[SourceDate "2015.06.18"]
[SourceVersion "1"]
[SourceVersionDate "2015.06.18"]
[SourceQuality "1"]

1. e4 c6 2. d4 d5 3. Nc3 dxe4 4. Nxe4 Nd7 5. Nf3 Ngf6 6. Ng3 e6 7. Bd3 Be7 8. 0-0 0-0 9. Re1 c5 10. c3 cxd4 11. cxd4 a6 12. a3 b5 13. Bf4 Nb6 14. Rc1 Bd6 15. Bxd6 Qxd6 16. Ne5 Bb7 17. Bb1 Rac8 18. Rxc8 Rxc8 19. Qd3 g6 20. h4 Qd5 21. f3 Nc4 22. Re2 Rd8 23. Ba2 Nxe5 24. Bxd5 Nxd3 25. Bxb7 a5 26. Ba6 Rb8 27. Rd2 Nf4 28. Rc2 Kg7 29. Rc5 b4 30. Rxa5 bxa3 31. bxa3 Ra8 32. Ne4 Nxe4 33. fxe4 Ne2+ 34. Kf2 Nxd4 35. Ra4 Nc6 36. Bb5 Rxa4 37. Bxa4 Na5 38. Bb5 Kf6 39. Ke3 Ke5 40. Ke2 Kd6 41. a4 Kc5 42. g3 e5 43. g4 Kb4 44. g5 Nb3 45. Be8 Nc5 46. Ke3 Nxa4 47. Bxf7 Nc5 48. Bg8 Kc3 49. Bxh7 Nd3 50. Bxg6 1-0

[Event "RSA-ch U20 Girls"]
[Site "Waterkloof"]
[Date "2015.04.07"]
[Round "5"]
[White "Woolf, Charne"]
[Black "February, Jesse Nikki"]
[Result "0-1"]
[WhiteElo "1265"]
[BlackElo "1680"]
[PlyCount "68"]
[EventDate "2015.04.04"]
[EventType "swiss"]
[EventRounds "9"]
[EventCountry "RSA"]
[SourceTitle "CBM 166 Extra"]
[Source "ChessBase"]
[SourceDate "2015.06.18"]
[SourceVersion "1"]
[SourceVersionDate "2015.06.18"]
[SourceQuality "1"]

1. e4 c6 2. d4 d5 3. Nc3 dxe4 4. Nxe4 Nf6 5. Ng3 h5 6. Nf3 Bg4 7. Be3 h4 8. Ne2 Bxf3 9. gxf3 Nbd7 10. Nc3 Qb6 11. b3 e6 12. a3 0-0-0 13. Qd2 Qa5 14. Na4 Qf5 15. Be2 Ne5 16. Bf4 Ng6 17. Be3 Bd6 18. h3 Nd5 19. Qa5 Nxe3 20. Qxf5 Nxf5 21. c3 Nf4 22. Bd1 e5 23. Bc2 Rh5 24. dxe5 Bxe5 25. Rd1 b5 26. Rxd8+ Kxd8 27. Nc5 Bxc3+ 28. Kf1 Nd4 29. Ne4 Nxc2 30. Nxc3 Nxa3 31. Rg1 b4 32. Ne4 Rd5 33. Ke1 Nc2+ 34. Kf1 Rd1# 0-1

[Event "RSA-ch U20 Girls"]
[Site "Waterkloof"]
[Date "2015.04.06"]
[Round "3"]
[White "Berkovitz, Sherryn"]
[Black "Woolf, Charne"]
[Result "0-1"]
[WhiteElo "1385"]
[BlackElo "1265"]
[PlyCount "66"]
[EventDate "2015.04.04"]
[EventType "swiss"]
[EventRounds "9"]
[EventCountry "RSA"]
[SourceTitle "CBM 166 Extra"]
[Source "ChessBase"]
[SourceDate "2015.06.18"]
[SourceVersion "1"]
[SourceVersionDate "2015.06.18"]
[SourceQuality "1"]

1. Nf3 d5 2. d3 Nf6 3. g3 Nbd7 4. Nbd2 e5 5. e4 c6 6. Bg2 Bd6 7. 0-0 0-0 8. Re1 Re8 9. Nf1 Nf8 10. Nh4 Ng6 11. Nxg6 hxg6 12. Bg5 Be6 13. Ne3 Bc5 14. exd5 Bxe3 15. fxe3 cxd5 16. Qf3 Rc8 17. Qf2 Ng4 18. Bxd8 Nxf2 19. Re2 Nxd3 20. cxd3 Rexd8 21. a3 b6 22. Rf1 Bf5 23. e4 dxe4 24. dxe4 Be6 25. Rff2 Rc1+ 26. Bf1 Bh3 27. Rc2 Re1 28. Rce2 Red1 29. Re3 R8d2 30. Ref3 Rxf2 31. Rxf2 Re1 32. Rf3 Bxf1 33. Rxf1 Rxe4 0-1